| 000 | 00420nam a22001337a 4500 | ||
|---|---|---|---|
| 040 | _cNUST | ||
| 082 | _a200 THE | ||
| 100 |
_aArslan Amin _9100780 |
||
| 110 | _aSupervisor Dr. Muhammad Usman Akram | ||
| 245 | _aTH-SOF-2100-Automatic Detection and Classification of Scoliosis From Spine X-Rays Using Transfer Learning | ||
| 260 |
_aISLAMABAD: _bNUST COLLEGE OF EME, _c2022. |
||
| 650 | _aMS-CSE-19 | ||
| 942 |
_2ddc _cTHE |
||
| 999 |
_c591931 _d591931 |
||